[Event "Challenge"]
[Site "http://www.queenalice.com/game.php?id=324186"]
[Date "2007.12.22"]
[Round "-"]
[White "erbe"]
[Black "Javi12358"]
[Result "1-0"]
[WhiteElo "1552"]
[BlackElo "1468"]

1. e4 e5 2. Nf3 Nc6 3. Bb5 a6 4. Ba4 b5 5. Bb3 Nf6 6. d4 exd4 7. Nxd4 Nxd4 8.
Qxd4 Be7 9. O-O O-O 10. Nc3 Bb7 11. Re1 c5 12. Qe5 d6 13. Qf5 Re8 14. Bg5 h6 15.
Bxf6 Bxf6 16. Nd5 Bxd5 17. Bxd5 Re5 18. Qf3 Ra7 19. c3 Rae7 20. h3 Qb6 21. a3 a5
22. Qg3 Rg5 23. Qf3 Be5 24. Kh1 c4 25. Re2 Kh8 26. Bxf7 Qc7 27. Bd5 a4 28. h4
Rg6 29. Qh5 Kh7 30. Re3 Qa7 31. Rf3 Bf6 32. g3 1-0

[Event "Challenge"]
[Site "http://www.queenalice.com/game.php?id=324331"]
[Date "2007.12.22"]
[Round "-"]
[White "Gadou"]
[Black "Javi12358"]
[Result "0-1"]
[WhiteElo "1395"]
[BlackElo "1539"]

1. e4 e5 2. Nf3 Nc6 3. c4 Bc5 4. a3 d6 5. h4 Bg4 6. Be2 h6 7. b4 Bb6 8. Nc3 Nd4
9. Nxd4 Nf6 10. c5 dxc5 11. Bxg4 cxd4 12. Na4 c6 13. Nc5 Bxc5 14. bxc5 O-O 15.
Be2 Nxe4 16. d3 Nc3 17. Qc2 Qa5 18. Bg4 Na4+ 19. Bd2 Nc3 20. O-O Qxc5 21. Rfe1
Rfe8 22. a4 a5 23. f4 b5 24. Bd7 Re7 25. Bf5 b4 26. fxe5 Rxe5 27. Be4 Rh5 28. g3
f5 29. Qb3+ Kh8 30. Rac1 fxe4 31. Rxe4 Re5 32. Qf7 Rxe4 33. dxe4 Rf8 34. Qb3
Ne2+ 35. Kh2 Qe5 36. Rxc6 Qxe4 37. Re6 Rf2+ 38. Kh3 Ng1# 0-1

[Event "Challenge"]
[Site "http://www.queenalice.com/game.php?id=324337"]
[Date "2007.12.22"]
[Round "-"]
[White "Danado"]
[Black "Javi12358"]
[Result "1-0"]
[WhiteElo "1640"]
[BlackElo "1552"]

1. e4 e5 2. d4 d5 3. Nf3 Nc6 4. Nc3 Bg4 5. Be2 Bb4 6. dxe5 Nxe5 7. Nxe5 Bh5 8.
Bxh5 g6 9. Bf3 Qe7 10. Qxd5 Nf6 11. Qxb7 O-O 12. Nc6 Qc5 13. Qb5 Qxb5 14. e5 Nd5
15. Bd2 Nxc3 16. Bxc3 Bxc3+ 17. bxc3 Qc5 18. O-O Qxc3 19. Ne7+ Kg7 20. Bxa8 Re8
21. Nd5 Qxc2 22. Ne3 Qc5 23. Rac1 Qxe5 24. Bc6 Re7 25. Rfe1 Qb2 26. a4 Qd4 27.
Nc2 Rxe1+ 28. Rxe1 Qc3 29. Be4 f5 30. Kf1 fxe4 31. Ne3 Kf7 32. g3 Ke6 33. f4 Qa3
34. a5 Qxa5 35. Nc4 Kd5 36. Nxa5 1-0

[Event "Challenge"]
[Site "http://www.queenalice.com/game.php?id=324338"]
[Date "2007.12.22"]
[Round "-"]
[White "bishopali"]
[Black "Javi12358"]
[Result "0-1"]
[WhiteElo "1519"]
[BlackElo "1507"]

1. c3 e5 2. e4 c5 3. b4 b6 4. b5 d5 5. f3 Bd7 6. exd5 Bf5 7. d3 Qxd5 8. Bb2 Bd6
9. c4 Qe6 10. g4 Bg6 11. Nd2 Ne7 12. Bg2 Nd7 13. f4 Bxd3 14. Bxa8 exf4+ 15. Ne4
Bxe4 16. Be5 Bxa8 17. Qxd6 Qxe5+ 18. Qxe5 Nxe5 19. Rd1 Bxh1 20. g5 Nxc4 21. Ke2
O-O 22. Rf1 Nd5 23. Nf3 Bxf3+ 24. Kxf3 Re8 25. Kg4 Re2 26. h4 Rxa2 27. h5 Nce3+
0-1

[Event "Challenge"]
[Site "http://www.queenalice.com/game.php?id=324349"]
[Date "2007.12.22"]
[Round "-"]
[White "Javi12358"]
[Black "hooligan"]
[Result "1-0"]
[WhiteElo "1674"]
[BlackElo "1405"]

1. d4 d5 2. Nf3 c6 3. Bf4 Na6 4. e3 f6 5. Bd3 h5 6. a3 g5 7. Nxg5 fxg5 8. Bxg5
Nh6 9. Qxh5+ Nf7 10. Bh7 Nc7 11. O-O Ne6 12. Bh4 b6 13. Nd2 Ba6 14. Rfe1 c5 15.
b3 cxd4 16. exd4 Nxd4 17. Rac1 Rc8 18. c3 Ne6 19. Rxe6 Qd7 20. Rce1 Rxc3 21. Qf5
Bd3 22. Qf4 Rxh7 23. g3 Rc6 24. Rxe7+ Bxe7 25. Rxe7+ Qxe7 26. Bxe7 Kxe7 27. Qe3+
Kd6 28. Qxd3 Rc1+ 29. Kg2 Ne5 30. Qxh7 d4 31. Qh6+ Kd5 32. Nf3 Rc3 33. Nxe5 Kxe5
34. Qf4+ Kd5 35. Qf7+ Ke4 36. Qf4+ Kd5 37. h4 Rxb3 38. h5 d3 39. h6 Rb2 40. h7
d2 41. h8=Q d1=Q 42. Qd8+ Kc5 43. Qxd1 Kb5 44. Qe5+ Ka6 45. Qxb2 b5 46. Qd6+ Ka5
47. Qbb4# 1-0

[Event "Challenge"]
[Site "http://www.queenalice.com/game.php?id=324352"]
[Date "2007.12.22"]
[Round "-"]
[White "inmocor1"]
[Black "Javi12358"]
[Result "1-0"]
[WhiteElo "1492"]
[BlackElo "1539"]

1. d4 d5 2. e3 Nf6 3. Nc3 e6 4. Bd3 Bb4 5. Bd2 a6 6. Nf3 h6 7. O-O O-O 8. a3 Bd6
9. Ne5 Nbd7 10. f4 Ne4 11. Nxe4 dxe4 12. Bxe4 Bxe5 13. fxe5 f6 14. Bb4 Rf7 15.
Qh5 g6 16. Qxh6 Rg7 17. Rf3 Nf8 18. exf6 Rh7 19. Qg5 Rh5 20. f7+ Kg7 21. Qxd8
1-0

[Event "Challenge"]
[Site "http://www.queenalice.com/game.php?id=324353"]
[Date "2007.12.22"]
[Round "-"]
[White "Javi12358"]
[Black "REIUSFENIX"]
[Result "1-0"]
[WhiteElo "1658"]
[BlackElo "1490"]

1. d4 e6 2. e4 c5 3. Nf3 d6 4. c3 b6 5. Bb5+ Bd7 6. Bxd7+ Qxd7 7. O-O Qe7 8. Bg5
f6 9. Bh4 g5 10. Bg3 h5 11. h4 Nh6 12. Re1 e5 13. dxe5 dxe5 14. Qa4+ Nd7 15. Qa6
Qe6 16. Na3 Nb8 17. Qb5+ Nd7 18. Rad1 Rd8 19. hxg5 Nf7 20. gxf6 Nd6 21. Qa6 Nxf6
22. Nb5 Rh7 23. Nxd6+ Rxd6 24. Bxe5 Rd8 25. Qb5+ Nd7 26. Ng5 Qxe5 27. Nxh7 Bd6
28. g3 h4 29. Qc6 Bb8 30. Re3 Ke7 31. Red3 Qe6 32. Rxd7+ Rxd7 33. Rxd7+ Qxd7 34.
Qf6+ Ke8 35. Qf8# 1-0

[Event "Challenge"]
[Site "http://www.queenalice.com/game.php?id=324968"]
[Date "2007.12.24"]
[Round "-"]
[White "FoxInSox"]
[Black "Javi12358"]
[Result "1-0"]
[WhiteElo "1133"]
[BlackElo "1552"]

1. d4 d5 2. e3 c5 3. Bb5+ Bd7 4. Bxd7+ Nxd7 5. dxc5 Nxc5 6. b4 Ne6 7. Qf3 Rc8 8.
c3 Nf6 9. Nd2 g6 10. e4 Bh6 11. exd5 Qxd5 12. Qxd5 Nxd5 13. c4 Nxb4 14. Rb1 Nxa2
15. Ndf3 Rxc4 16. Bxh6 Nf4 17. Bxf4 Rxf4 18. Rxb7 Re4+ 19. Ne2 Nc3 20. Rb8+ Kd7
21. Rxh8 Nxe2 22. Kf1 a5 23. Ng5 Re5 24. Nxf7 Re6 25. Ra8 Rf6 26. Kxe2 Rf5 27.
Rd1+ Kc6 28. Nd8+ Kb5 29. Rc1 Rf4 30. Rb8+ Ka4 31. Ra1# 1-0

[Event "Challenge"]
[Site "http://www.queenalice.com/game.php?id=324971"]
[Date "2007.12.24"]
[Round "-"]
[White "Javi12358"]
[Black "Bixu"]
[Result "1-0"]
[WhiteElo "1549"]
[BlackElo "1594"]

1. d4 e6 2. e4 c5 3. Nf3 d5 4. exd5 exd5 5. Bb5+ Nc6 6. dxc5 Qa5+ 7. Nc3 Bxc5 8.
Bd2 Qd8 9. O-O Bg4 10. Re1+ Ne7 11. h3 O-O 12. hxg4 d4 13. Ne4 Bb6 14. c3 d3 15.
Bxc6 bxc6 16. Ne5 Qd5 17. Bf4 f6 18. Nxd3 Ng6 19. Qb3 Nxf4 20. Nxf4 Qxb3 21.
axb3 g5 22. Nh5 Kf7 23. Nhxf6 h6 24. Nd7 Rfd8 25. Nxb6 axb6 26. Rxa8 Rxa8 27. f3
Kg6 28. Kf2 h5 29. gxh5+ Kxh5 30. g4+ Kg6 31. Nd6 Rf8 32. Nf5 Rf6 33. Ke3 Re6+
34. Kf2 Rxe1 35. Kxe1 c5 36. Ne7+ Kf6 37. Nd5+ Ke5 38. Nxb6 Kf4 39. Kf2 Ke5 40.
Ke3 Kd6 41. Ke4 Ke6 42. f4 gxf4 43. Nd5 f3 44. Ne3 f2 45. Kf3 c4 46. bxc4 f1=Q+
47. Nxf1 Kd6 48. g5 Ke7 49. c5 Kf7 50. Kf4 Ke7 51. g6 Kd7 52. Kf5 Kc6 53. g7
Kxc5 54. g8=Q Kb5 55. c4+ Kb4 56. Nd2 Ka4 57. c5 Kb5 58. Qc4+ Kc6 59. b4 Kd7 60.
c6+ Kc7 61. b5 Kd8 62. c7+ Kc8 63. b6 Kb7 64. c8=Q+ Kxb6 65. Qb4+ Ka7 66. Qcb7#
1-0

[Event "AUTO-ADV-751"]
[Site "http://www.queenalice.com/game.php?id=326531"]
[Date "2007.12.27"]
[Round "1"]
[White "Javi12358"]
[Black "loh335"]
[Result "0-1"]
[WhiteElo "1438"]
[BlackElo "1799"]

1. d4 Nf6 2. Nc3 c5 3. d5 b6 4. e4 d6 5. Nge2 e6 6. Bg5 e5 7. Ng3 Be7 8. Nf5
Bxf5 9. exf5 O-O 10. Bd3 Qd7 11. Qf3 h6 12. Bxf6 Bxf6 13. O-O Na6 0-1

[Event "AUTO-ADV-751"]
[Site "http://www.queenalice.com/game.php?id=326532"]
[Date "2007.12.27"]
[Round "1"]
[White "loh335"]
[Black "Javi12358"]
[Result "1-0"]
[WhiteElo "1797"]
[BlackElo "1440"]

1. c4 c5 2. Nc3 Nc6 3. Nf3 Nf6 4. g3 d6 5. Bg2 e5 6. d3 Be7 7. O-O O-O 8. Bg5 h6
9. Bxf6 Bxf6 10. Re1 Nd4 11. e3 Nxf3+ 12. Qxf3 a6 13. Rab1 a5 14. Nd5 1-0

[Event "AUTO-ADV-751"]
[Site "http://www.queenalice.com/game.php?id=326533"]
[Date "2007.12.27"]
[Round "1"]
[White "Javi12358"]
[Black "Mateusao_99"]
[Result "0-1"]
[WhiteElo "1478"]
[BlackElo "1618"]

1. d4 d5 2. Nf3 Nf6 3. c4 e6 4. c5 Nc6 5. a3 h6 6. Bf4 Be7 7. e3 a6 8. Be2 Nb8
9. O-O c6 10. b4 Nbd7 11. Ne5 Nxe5 12. Bxe5 O-O 13. Nd2 b6 14. Bxf6 Bxf6 15. Nb3
bxc5 16. Nxc5 Bh4 17. Bf3 Qg5 18. Qd3 e5 19. dxe5 Bh3 0-1

[Event "AUTO-ADV-751"]
[Site "http://www.queenalice.com/game.php?id=326534"]
[Date "2007.12.27"]
[Round "1"]
[White "Mateusao_99"]
[Black "Javi12358"]
[Result "1-0"]
[WhiteElo "1607"]
[BlackElo "1489"]

1. d4 d5 2. Nc3 Nf6 3. Nf3 Nc6 4. Bf4 e6 5. Nb5 a6 6. Nxc7+ Kd7 7. Nxa8 Bd6 8.
Bxd6 Kxd6 9. Ng5 Ke7 10. e3 Bd7 11. Be2 h6 12. Nf3 Qa5+ 13. c3 Rxa8 14. O-O Kf8
15. b4 Qc7 16. h3 Ne4 17. Qd3 Re8 18. Qc2 e5 19. dxe5 Nxe5 20. Nxe5 Rxe5 21. Bf3
Nf6 22. Rab1 b5 23. Rbd1 Qc8 24. Rd2 Bxh3 25. gxh3 Qxh3 26. Bg2 Rg5 27. f4 1-0

[Event "Challenge"]
[Site "http://www.queenalice.com/game.php?id=328129"]
[Date "2007.12.30"]
[Round "-"]
[White "RocketJoe"]
[Black "Javi12358"]
[Result "1-0"]
[WhiteElo "1250"]
[BlackElo "1566"]

1. e4 e5 2. Bc4 Nf6 3. Qf3 d6 4. d3 Nc6 5. g4 Bxg4 6. Qg3 Nd4 7. f3 Bxf3 8. Nxf3
Nxc2+ 9. Kd1 Nxa1 10. b3 d5 11. Qxe5+ Qe7 12. Qxa1 dxc4 13. bxc4 O-O-O 14. d4
Qxe4 15. Rf1 Bb4 16. Nfd2 Rxd4 17. Qb2 Qg4+ 18. Kc2 Rxc4+ 19. Nxc4 Qxc4+ 20. Nc3
Bxc3 21. Qxc3 Qxf1 22. Qb3 1-0

[Event "Challenge"]
[Site "http://www.queenalice.com/game.php?id=328979"]
[Date "2008.1.1"]
[Round "-"]
[White "papalucas"]
[Black "Javi12358"]
[Result "1-0"]
[WhiteElo "1693"]
[BlackElo "1423"]

1. d4 d5 2. e3 Nc6 3. c3 e5 4. dxe5 Nxe5 5. b4 Nf6 6. a3 Bd6 7. Bb2 O-O 8. a4 a5
9. bxa5 Rxa5 10. Qd2 Bf5 11. c4 b6 12. Bc3 Ra6 13. cxd5 1-0

[Event "Challenge"]
[Site "http://www.queenalice.com/game.php?id=331158"]
[Date "2008.1.5"]
[Round "-"]
[White "fabrice8989"]
[Black "Javi12358"]
[Result "1-0"]
[WhiteElo "1815"]
[BlackElo "1572"]

1. d4 d5 2. c4 c6 3. c5 Nd7 4. Bf4 f6 5. Nf3 Qa5+ 6. Bd2 Qb5 7. Bc3 e6 8. e3
Qxf1+ 9. Kxf1 Nh6 10. Nbd2 Be7 11. e4 O-O 12. e5 fxe5 13. dxe5 1-0

[Event "Challenge"]
[Site "http://www.queenalice.com/game.php?id=331160"]
[Date "2008.1.5"]
[Round "-"]
[White "Bixu"]
[Black "Javi12358"]
[Result "1-0"]
[WhiteElo "1666"]
[BlackElo "1566"]

1. e4 e5 2. Nc3 Nf6 3. Nf3 d6 4. Bb5+ Bd7 5. Bc4 Be7 6. Ng5 Be6 7. Nxe6 fxe6 8.
Bxe6 g6 9. O-O Nc6 10. d3 Nd4 11. Bh6 Nxe6 12. g3 a6 13. Be3 O-O 14. f4 exf4 15.
gxf4 Nh5 16. Nd5 c6 17. Qg4 cxd5 18. Qxe6+ Rf7 19. Qxd5 Rb8 20. Rae1 Nf6 21. Qb3
d5 22. e5 Nh5 23. Bb6 1-0